[Event "SecondChallenge"]
[Site "http://www.queenalice.com/game.php?id=486156"]
[Date "2008.10.31"]
[Round "-"]
[White "roberto_falk"]
[Black "marculera"]
[Result "1-0"]
[WhiteElo "1423"]
[BlackElo "1479"]

1. e4 c5 2. Nf3 d6 3. h3 Nc6 4. Nc3 e5 5. Bc4 f5 6. d3 Be7 7. O-O f4 8. Bd5 h6
9. g3 Bxh3 10. gxf4 exf4 11. Bxf4 Bxf1 12. Qxf1 g5 13. Bg3 Qd7 14. Nh2 Nf6 15.
f3 Nd4 16. Re1 O-O-O 17. e5 Nh5 18. e6 Qe8 19. Qg2 Nf4 20. Bxf4 gxf4 21. Re4 Rg8
22. Ng4 Qf8 23. Ne2 Nxe2+ 24. Qxe2 h5 25. Kf1 hxg4 26. d4 Qh6 27. Qb5 Qh1+ 28.
Ke2 gxf3+ 29. Kd2 Rg2+ 30. Kc3 Rxc2+ 31. Kxc2 Qg2+ 32. Kc3 1-0

[Event "ThirdChallenge"]
[Site "http://www.queenalice.com/game.php?id=492284"]
[Date "2008.11.12"]
[Round "-"]
[White "marculera"]
[Black "roberto_falk"]
[Result "1-0"]
[WhiteElo "1461"]
[BlackElo "1458"]

1. d4 Nf6 2. c4 e6 3. Nc3 c5 4. e4 cxd4 5. Qxd4 Nc6 6. Qd1 Bb4 7. Bd3 e5 8. Bg5
Nd4 9. Nf3 d6 10. Qa4+ Nc6 11. a3 Ba5 12. b4 Bb6 13. Nd5 O-O 14. Nxf6+ gxf6 15.
Bh4 Bg4 16. Nd2 Bd4 17. Rb1 Ne7 18. h3 Bd7 19. Qc2 Qb6 20. c5 dxc5 21. bxc5 Bxc5
22. Rxb6 axb6 23. Bxf6 Ng6 24. O-O Be7 25. Bxe7 Nxe7 26. Qc7 Be6 27. Qxe7 Ba2
28. Bc4 Bxc4 29. Nxc4 b5 30. Nxe5 Rae8 31. Qg5+ Kh8 32. Qf6+ 1-0

[Event "FourthChallenge"]
[Site "http://www.queenalice.com/game.php?id=496063"]
[Date "2008.11.20"]
[Round "-"]
[White "roberto_falk"]
[Black "marculera"]
[Result "0-1"]
[WhiteElo "1442"]
[BlackElo "1477"]

1. e4 e5 2. Nf3 Nc6 3. Nc3 d6 4. d4 Bg4 5. Be2 Nf6 6. Ng5 Bxe2 7. Qxe2 Nxd4 8.
Qd3 Be7 9. O-O Ng4 10. Nf3 Ne6 11. Nd5 Nc5 12. Qc4 Nf6 13. Nxe7 Qxe7 14. Bg5
Ncxe4 15. Qb5+ c6 16. Qb4 Nxg5 17. Nxg5 Nd5 18. Qg4 Nf6 19. Qg3 h6 20. Nf3 O-O
21. Qh4 Nd5 22. Qxe7 Nxe7 23. Rad1 Rad8 24. Nd2 Ng6 25. Nc4 d5 26. Na5 Rd7 27.
Nb3 b6 28. a4 f5 29. c4 d4 30. c5 Kf7 31. a5 b5 32. a6 Ke6 33. f4 Nxf4 34. Na5
Kd5 35. Nb7 Ne6 36. Rc1 Nf4 37. Nd6 Ne2+ 38. Kh1 Rxd6 39. cxd6 Nxc1 40. Rxc1
Kxd6 41. Kg1 c5 42. Kf2 g5 43. Ra1 e4 44. Ra5 Kc6 45. Ra3 h5 46. Rh3 Rh8 47. g3
Kb6 48. b4 c4 0-1

[Event "Challenge"]
[Site "http://www.queenalice.com/game.php?id=497016"]
[Date "2008.11.22"]
[Round "-"]
[White "marculera"]
[Black "victor_diniz"]
[Result "1/2-1/2"]
[WhiteElo "1519"]
[BlackElo "1746"]

1. e4 e5 2. Nf3 Nf6 3. Nc3 Nc6 4. Bb5 Nd4 5. O-O Nxb5 6. Nxb5 c6 7. Nc3 d5 8. d3
Bg4 9. Re1 Bd6 10. Qe2 O-O 11. Bg5 d4 12. Nd1 h6 13. Bh4 Re8 14. b3 Bb4 15. Rf1
Qd6 16. c3 Ba3 17. Bg3 c5 18. Nb2 b5 19. c4 a6 20. h3 Bh5 21. Rab1 g5 22. Qd2
Bb4 23. Qc1 Nh7 24. Nd1 f6 25. a3 Ba5 26. Nb2 Nf8 27. Nd2 Ne6 28. f3 Nf4 29.
Bxf4 gxf4 30. Nd1 Kh7 31. Qb2 Rg8 32. Kh2 b4 33. a4 Rg7 34. Rg1 Rag8 35. Nf2 Qd7
36. Kh1 Rg6 37. Qc1 Rg3 38. Qf1 Bd8 39. Ng4 Bxg4 40. fxg4 h5 41. gxh5 Qf7 42.
Nf3 Qxh5 43. Rb2 Re8 44. Re2 f5 45. Kh2 fxe4 46. Rxe4 Bh4 47. Qe2 Bf6 48. Re1
Reg8 49. Rg1 R8g6 50. Qf1 Rg7 1/2-1/2

[Event "Challenge"]
[Site "http://www.queenalice.com/game.php?id=497084"]
[Date "2008.11.23"]
[Round "-"]
[White "carloscolangelo"]
[Black "marculera"]
[Result "0-1"]
[WhiteElo "1449"]
[BlackElo "1492"]

1. h3 e5 2. e4 Nc6 3. Nf3 f5 4. d3 Nf6 5. exf5 d5 6. c4 Bxf5 7. cxd5 Nxd5 8. Be3
Nxe3 9. fxe3 Bb4+ 10. Nc3 Qf6 11. a3 Bc5 12. Nd5 Qd6 13. e4 Be6 14. b4 Bb6 15.
Nxb6 axb6 16. b5 Ne7 17. Ng5 Bd7 18. Qf3 Qg6 19. h4 Bxb5 20. a4 Rxa4 21. Rxa4
Bxa4 22. Qf2 Nc6 23. Be2 Rf8 24. Qe3 Nd4 25. h5 Qh6 26. Bg4 Nc2+ 27. Ke2 Nxe3
28. Kxe3 Qxg5+ 29. Ke2 Qxg4+ 30. Ke1 Qd1# 0-1

[Event "FifthAndLastChallenge"]
[Site "http://www.queenalice.com/game.php?id=498060"]
[Date "2008.11.25"]
[Round "-"]
[White "roberto_falk"]
[Black "marculera"]
[Result "0-1"]
[WhiteElo "1427"]
[BlackElo "1506"]

1. e4 c5 2. d4 Nc6 3. d5 Ne5 4. Nf3 Ng6 5. Bc4 Qc7 6. Bd2 Nf6 7. Nc3 e6 8. Bg5
Ne5 9. Nxe5 Qxe5 10. Bxf6 gxf6 11. Qd2 Rg8 12. O-O-O Rxg2 13. Rhg1 Rxg1 14. Rxg1
Qxh2 15. Rg8 Qh1+ 16. Nd1 e5 17. a4 d6 18. b3 Ke7 19. Qe2 Bd7 20. Bb5 Bh6+ 21.
Kb2 Rxg8 22. Bxd7 Rg1 23. Nc3 Bc1+ 24. Kb1 Ba3+ 0-1

[Event "Challenge"]
[Site "http://www.queenalice.com/game.php?id=498850"]
[Date "2008.11.27"]
[Round "-"]
[White "tviaro"]
[Black "marculera"]
[Result "1-0"]
[WhiteElo "1727"]
[BlackElo "1563"]

1. d4 d5 2. c4 e6 3. Nc3 Nf6 4. Bg5 Be7 5. e3 c5 6. Nf3 Nc6 7. dxc5 Bxc5 8. cxd5
exd5 9. Bxf6 Qxf6 10. Nxd5 Qd8 11. Bb5 O-O 12. O-O Bg4 13. Bxc6 bxc6 14. Rc1 Bb6
15. Nxb6 Qxb6 16. b3 Rfd8 17. Qe2 Rd6 18. h3 Bf5 19. Rfd1 Rh6 20. Ng5 Rg6 21.
Qh5 Rf6 22. Rd4 h6 23. Ne4 Bxe4 24. Rxe4 Rd8 25. Rd1 Rf8 26. Rdd4 Rd8 27. Qd1
Rb8 28. Re7 Qa5 29. Qb1 Rg6 30. Qe4 Qxa2 31. Re8+ Rxe8 32. Qxe8+ Kh7 33. Rd8 Rf6
34. Qh8+ Kg6 35. Rg8 Qxf2+ 36. Kh2 Qxe3 37. Qxg7+ Kf5 38. Qg4+ Ke5 39. Qh5+ Kd6
40. Rd8+ Ke7 41. Rd1 Qxb3 42. Qc5+ Ke6 43. Re1+ Kd7 44. Qe7+ 1-0

[Event "Challenge"]
[Site "http://www.queenalice.com/game.php?id=501820"]
[Date "2008.12.2"]
[Round "-"]
[White "victor_diniz"]
[Black "marculera"]
[Result "0-1"]
[WhiteElo "1737"]
[BlackElo "1528"]

1. d4 d5 2. c4 e6 3. Nc3 Nf6 4. Bg5 Be7 5. e3 c5 6. Nf3 Nc6 7. Bd3 Nb4 8. Bb1
dxc4 9. h4 Nd3+ 10. Bxd3 cxd3 11. Qxd3 cxd4 12. Qxd4 Qa5 13. O-O h6 14. Bf4 b6
15. Ne4 Bb7 16. Nxf6+ Bxf6 17. Be5 Rd8 18. Qf4 Bxe5 19. Nxe5 O-O 20. Rfd1 Rd5
21. e4 Rxe5 22. b4 Qxb4 23. Qxe5 Qxe4 24. Qg3 Bd5 25. Rac1 a5 26. Rb1 Qe2 27.
Rd4 Qxa2 28. Rxb6 Qa1+ 0-1

[Event "Falkest Challenge"]
[Site "http://www.queenalice.com/game.php?id=506463"]
[Date "2008.12.12"]
[Round "-"]
[White "marculera"]
[Black "roberto_falk"]
[Result "1-0"]
[WhiteElo "1552"]
[BlackElo "1416"]

1. d4 Nf6 2. c4 e6 3. Nc3 c5 4. e4 cxd4 5. Qxd4 Nc6 6. Qd1 Bb4 7. Bd3 e5 8. Bg5
Nd4 9. Ne2 O-O 10. O-O Be7 11. Nxd4 exd4 12. Ne2 d6 13. Qc2 Ng4 14. Bf4 Bg5 15.
e5 f5 16. exf6 Qxf6 17. Bxg5 Qxg5 18. Bxh7+ Kh8 19. Qg6 Qh4 20. h3 Bf5 21. Qxf5
Rxf5 22. Bxf5 Nf6 23. Rad1 Qh5 24. Nxd4 Rf8 25. Bc2 d5 26. Nf5 Qg5 27. Ne7 Rf7
28. Nxd5 Nh5 29. Rde1 g6 30. Re6 Rg7 31. Rfe1 Re7 32. Nxe7 Nf4 33. Nxg6+ Kg7 34.
Nxf4 Qxf4 35. Re7+ 1-0

[Event "SAP SL Chess III"]
[Site "http://www.queenalice.com/game.php?id=506750"]
[Date "2008.12.12"]
[Round "1"]
[White "marculera"]
[Black "oscardias"]
[Result "0-1"]
[WhiteElo "1556"]
[BlackElo "1705"]

1. d4 Nf6 2. c4 e6 3. Nc3 Bb4 4. Bg5 h6 5. Bd2 c5 6. Nf3 cxd4 7. Nxd4 O-O 8. Qc2
d5 9. e3 e5 10. Nf3 d4 11. Nb1 Nc6 12. a3 Qa5 13. e4 Bg4 14. h3 Bxf3 15. gxf3
Bxd2+ 16. Nxd2 Rad8 17. b4 Nxb4 18. Qb3 Nc6 19. Qxb7 Rc8 20. Qb5 Qc3 21. Qb1 Rb8
22. Qc1 Rb2 23. Qxc3 dxc3 24. Nb1 Nd4 25. Bd3 c2 26. Nd2 Nh5 27. c5 Nf4 28. Ba6
Rb1+ 0-1

[Event "SAP SL Chess III"]
[Site "http://www.queenalice.com/game.php?id=549275"]
[Date "2009.3.2"]
[Round "2"]
[White "roberto_falk"]
[Black "marculera"]
[Result "0-1"]
[WhiteElo "1477"]
[BlackElo "1546"]

1. e4 c5 2. Nf3 d6 3. Nc3 Nc6 4. Bc4 Nf6 5. O-O Bg4 6. Be2 h6 7. Nh4 h5 8. Nf5
Qd7 9. Ne3 Nd4 10. Nxg4 Nxe2+ 11. Qxe2 hxg4 12. e5 Nh5 13. exd6 Qxd6 14. Qxg4
Nf4 15. d3 Ne2+ 16. Nxe2 Qxh2# 0-1

[Event "SAP SL Chess III"]
[Site "http://www.queenalice.com/game.php?id=571522"]
[Date "2009.4.13"]
[Round "3"]
[White "marculera"]
[Black "victor_diniz"]
[Result "1-0"]
[WhiteElo "1559"]
[BlackElo "1707"]

1. e4 e5 2. Nf3 Nf6 3. Nc3 Bb4 4. Bc4 Bxc3 5. dxc3 d6 6. Qd3 Nbd7 7. Ng5 d5 8.
exd5 h6 9. Nxf7 Kxf7 10. d6+ Kf8 11. dxc7 Qxc7 12. b3 Nb6 13. Ba3+ Ke8 14. Qg6+
Kd8 15. O-O-O+ Bd7 16. Qxg7 Nxc4 17. Qxf6+ 1-0

[Event "Challenge"]
[Site "http://www.queenalice.com/game.php?id=1389568"]
[Date "2015.10.17"]
[Round "-"]
[White "roberto_falk"]
[Black "marculera"]
[Result "0-1"]
[WhiteElo "1653"]
[BlackElo "1507"]

1. e4 d5 2. exd5 Qxd5 3. Nc3 Qa5 4. a3 c5 5. Bb5+ Nc6 6. Nd5 e6 7. Qe2 Ne7 8.
Nxe7 Bxe7 9. Nf3 a6 10. Bxc6+ bxc6 11. O-O O-O 12. Ne5 Qc7 13. f4 Bb7 14. f5 Bd6
15. d4 cxd4 16. Nf3 exf5 17. g3 Rfe8 18. Qd3 c5 19. Qxf5 Re2 20. Rf2 Rae8 21.
Bf4 Bxf4 22. gxf4 R8e3 23. Ne5 Be4 24. Qd7 Qxd7 25. Nxd7 Rxf2 26. Kxf2 c4 27.
Rc1 Rf3+ 28. Ke2 Rxf4 29. Nc5 Bf3+ 30. Kd2 Rg4 31. Rf1 Rg2+ 32. Kc1 Bc6 33. c3
d3 34. Rd1 Rc2+ 35. Kb1 Rxh2 36. Nxa6 Rh1 37. Rxh1 Bxh1 38. Kc1 f5 0-1

[Event "Invitation"]
[Site "http://www.queenalice.com/game.php?id=1590615"]
[Date "2019.11.18"]
[Round "-"]
[White "alessandrop"]
[Black "marculera"]
[Result "0-1"]
[WhiteElo "1258"]
[BlackElo "1501"]

1. e4 e5 2. Bc4 Nf6 3. f3 d5 4. Bb3 Nc6 5. g4 Bb4 6. c3 Ba5 7. Ne2 Ne7 8. Ng3
Ng6 9. O-O Nh4 10. c4 Bb6+ 11. Kh1 d4 12. g5 Nd7 13. Nh5 Qxg5 14. f4 Qg2# 0-1

[Event "Challenge"]
[Site "http://www.queenalice.com/game.php?id=1590722"]
[Date "2019.11.20"]
[Round "-"]
[White "marculera"]
[Black "roberto_falk"]
[Result "1-0"]
[WhiteElo "1529"]
[BlackElo "1650"]

1. d4 d5 2. c4 Nf6 3. Nf3 Bf5 4. Nc3 e6 5. Bg5 Be7 6. Qb3 Nc6 7. Qxb7 Rb8 8.
Qxc6+ Qd7 9. Qxd7+ Nxd7 10. Bxe7 Kxe7 11. cxd5 Rxb2 12. dxe6 fxe6 13. e4 Bg6 14.
Bc4 Rc2 15. Bxe6 Rxc3 16. Bxd7 Kxd7 17. Ne5+ Ke7 18. Nxg6+ hxg6 19. Kd2 Ra3 20.
Rhc1 Rd8 21. Rxc7+ Ke8 22. Rc4 Rb8 23. Kc2 g5 24. Rc3 Ra4 25. Kd3 Rbb4 26. f3
Rxd4+ 27. Ke3 g4 28. a3 gxf3 29. gxf3 g5 30. Rg1 Rd7 31. Rxg5 1-0

[Event "Challenge"]
[Site "http://www.queenalice.com/game.php?id=1591201"]
[Date "2019.11.25"]
[Round "-"]
[White "roberto_falk"]
[Black "marculera"]
[Result "0-1"]
[WhiteElo "1631"]
[BlackElo "1554"]

1. e4 c5 2. Nf3 Nc6 3. Bc4 d6 4. d3 Bg4 5. Nc3 Nf6 6. h3 Bh5 7. O-O Ne5 8. g4
Bg6 9. Ng5 Nxc4 10. dxc4 h6 11. Nf3 Nxe4 12. Nxe4 Bxe4 13. Re1 Bc6 14. Nh4 e6
15. Nf5 Qd7 16. Bf4 O-O-O 17. Ng3 g5 18. Bd2 f5 19. Nh5 Qf7 20. Bc3 e5 21. gxf5
Qxc4 22. Nf6 Qf7 23. Ne4 Qxf5 24. Ng3 Qxh3 25. Qh5 Qg2# 0-1